000 00727nam a2200229 a 4500
001 52943
003 BD-RjUL
005 20211209075902.0
008 161001s2010 xx 000 0 und d
035 _a(BD-RjUL)53063
040 _aEQO
_cEQO
_beng
_dBD-RjUL
041 _aeng
082 _223
_a346.035493
_bBAL 2010
100 1 _aBangia, R. K.
_9158272
245 1 0 _aLaw of torts :
_bincluding compensation under the Motor vehicles act and Consumer Protection Laws /
_cR. K. Bangia, Revised by Narender Kumar
250 _a22th ed.
260 _aFaridabad :
_bAllahabad Law Agency,
_c2010.
300 _alxiv, 756 p. ;
_c22 cm
650 _aTorts
_zIndia.
_9142411
700 _aKumar, Narender
_9158273
942 _2ddc
_cBK
999 _c52943
_d52943